1903 1875 1826 1931 1561 1427 1058 1973 1521 1743 1079 1834 1939 1950 1435 1550 1157 1635 1020 1119 1049 1659 1204 1967 1304 1159 1178 1636 1395 1299 1372 1166 1273 1512 1365 1875 1177 1523 1165 1107 1198 1854 1260 1495 1075 1484 1643 1978 1451 1209 1120 1231 1617 1679 1242 1252 1052 1818 1596 1968 1106 1118 1101 1665 1586 1368 1957 1004 1353 1356 1470 1036 1715 1836 1166 1983 1254 1021 1197 1907 1560 1489 1875 1090 1177 1823 1055 1169 1713 1081 1807 1152 1165 1416 1860 1145 1599 1936 1127 BCNSPRNW ULIB Ver.6.0+V

เปลี่ยนเป็นภาษาไทย

Change to English
 แสดงรายละเอียดบรรณานุกรม
  กลับหน้าหลัก

Brief Record : Get Marc (ISO 2709) : E-mail record : QR code < ปิดหน้าต่าง
LEADER : 00000nam 2200000uu 4500
001    13399129177
003     ULIB
008    260422s2568||||th 000 0 tha d
020    ^a9789746302005 : ^c360 บาท
060 0  ^aWY157^bป147ท
100 0  ^aปณิตา ปรีชากรกนกกุล
245 1  ^aทักษะปฏิบัติการพยาบาลมารดา-ทารกและการผดุงครรภ์ /^cปณิตา ปรีชากรกนกกุล ... และคนอื่น ๆ
250    ^aพิมพ์ครั้งที่ 1.
260    ^aนครราชสีมา :^bคณะพยาบาลศาสตร์ มหาวิทยาลัยวงษ์ชวลิตกุล,^c2568
300    ^a258 หน้า :^bภาพประกอบ, ตาราง
505 0  ^aบทที่ 1 ทักษะปฏิบัติ : การรับฝากครรภ -- บทที่ 2 ทักษะปฏิบัติ : การรับใหม่ผู้คลอด -- บทที่ 3 ทักษะปฏิบัติ : การเฝ้าคลอด -- บทที่ 4 ทักษะปฏิบัติ : การช่วยคลอด -- บทที่ 5 ทักษะปฏิบัติ : การทำคลอดปกติ -- บทที่ 6 ทักษะปฏิบัติ : การดูแลทารกแรกเกิดทันที -- บทที่ 7 ทักษะปฏิบัติ : การดูแลในระบะ 2 ชั่วโมงแรกหลังคลอด -- บทที่ 8 ทักษะปฏิบัติ : การประเมินสภาพมารดาหลังคลอดปกติ
505 0  ^aสารบัญ : บทที่ 1 ทักษะปฏิบัติ : การรับฝากครรภ -- บทที่ 2 ทักษะปฏิบัติ : การรับใหม่ผู้คลอด -- บทที่ 3 ทักษะปฏิบัติ : การเฝ้าคลอด -- บทที่ 4 ทักษะปฏิบัติ : การช่วยคลอด -- บทที่ 5 ทักษะปฏิบัติ : การทำคลอดปกติ -- บทที่ 6 ทักษะปฏิบัติ : การดูแลทารกแรกเกิดทันที -- บทที่ 7 ทักษะปฏิบัติ : การดูแลในระบะ 2 ชั่วโมงแรกหลังคลอด -- บทที่ 8 ทักษะปฏิบัติ : การประเมินสภาพมารดาหลังคลอดปกติ.
610  2 ^aการพยาบาลมารดาทารกและการผดุงครรภ์.
650  4 ^aการตั้งครรภ์.
650  4 ^aการผดุงครรภ์.
650  4 ^aครรภ์.
650  4 ^aทักษะปฏิบัติการพยาบาล.
650  4 ^aมารดาและทารก.
650  4 ^aสตรีมีครรภ์.
650  7 ^aการพยาบาลกุมารเวชศาสตร์
650  7 ^aการพยาบาลสูติศาสตร์
700 0  ^aศุกลรัตน์ ชาญวิรัตน์
700 0  ^aแสงเดือน จินดาไพศาล
700 0  ^aอินทิพร ปักเคเต
999    ^aประนอม เกษจรัล
รายการนี้ยังไม่มีแท็ก
คุณยังไม่ได้ล็อกอิน คุณสามารถมีกิจกรรมร่วมกับเว็บไซต์ได้ แต่ต้องล็อกอินก่อน ::
  ล็อกอิน

รายการสื่อสารสนเทศ

ลำดับที่ ประเภท เลขเรียก/บาร์โค้ด สถานที่ สถานะ
1. Book การพยาบาล
หนังสือสำรอง
สถานะ=หนังสือสำรอง
WY157 ป147ท ฉ.1 
  Barcode: 012024
ห้องสมุดวิทยาเขตสวรรค์ประชารักษ์
►หนังสือทั่วไป
บนชั้น
2. Book การพยาบาล
Book การพยาบาล
WY157 ป147ท ฉ.2 
  Barcode: 012025
ห้องสมุดวิทยาเขตสวรรค์ประชารักษ์
►หนังสือทั่วไป
บนชั้น

รายการใกล้เคียง
    ผู้แต่ง [ปณิตา ปรีชากรกนกกุล]

    หัวเรื่อง [การตั้งครรภ์.]
    หัวเรื่อง [การผดุงครรภ์.]
    หัวเรื่อง [ครรภ์.]
    หัวเรื่อง [การพยาบาลกุมารเวชศาสตร์]
    หัวเรื่อง [การพยาบาลสูติศาสตร์]

BibComment


ยังไม่เคยถูกคอมเมนท์

คอมเมนท์ทรัพยากรรายการนี้
  คอมเมนท์: ทักษะปฏิบัติการพ..


 Copyright 2026. Bcnsprnw @Library